000 00526nam a2200169Ia 4500
999 _c291
_d291
003 OSt
005 20201223121243.0
008 190216s9999||||xx |||||||||||||| ||und||
040 _coclc
082 _a297.122594812
_bMOU/S
100 _aMoudoodi, Abul Ala
_91860
245 0 _aSurathul A`Araf Paribhashayum Vykyanavum /
_cAbul Ala Moudoodi
260 _bIslamic Publishing House,
_c1981.
_aNew Delhi:
300 _a117p
650 _aArabic
942 _cBK
_2ddc
_h297.122594812
_iMOU/S
_k297.122594812
_mMOU/S